| 000 | 00472nam a22001817a 4500 | ||
|---|---|---|---|
| 005 | 20260424153353.0 | ||
| 008 | 260424b |||||||| |||| 00| 0 eng d | ||
| 020 |
_a9783111700250 _c2099.00 |
||
| 040 | _aMAIN | ||
| 041 | _aEnglish | ||
| 082 |
_a515.8 _bMAR |
||
| 100 |
_aMarkin, Marat _926753 |
||
| 245 |
_aReal Analysis _b: Measure and Integration |
||
| 260 |
_aBerlin _bDe Gruyter _c2025 |
||
| 300 | _a339 | ||
| 650 |
_aMathematics (PM USHA) _926738 |
||
| 942 | _cBK | ||
| 999 |
_c60738 _d60738 |
||